|
|
|
|
| LEADER |
00000nam0a2200000 4500 |
| 001 |
304405 |
| 005 |
20231102001710.0 |
| 035 |
|
|
|a (RuTPU)RU\TPU\book\329652
|
| 090 |
|
|
|a 304405
|
| 100 |
|
|
|a 20150914d1970 km y0rusy50 ca
|
| 101 |
0 |
|
|a rus
|
| 102 |
|
|
|a RU
|
| 105 |
|
|
|a a z 001zy
|
| 200 |
1 |
|
|a Электрическое моделирование динамики электропривода механизмов
|f И. М. Тетельбаум, Ф. М. Шлыков
|
| 210 |
|
|
|a Москва
|c Энергия
|d 1970
|
| 215 |
|
|
|a 191 с.
|c ил.
|
| 320 |
|
|
|a Библиогр.: с. 188-190.
|
| 606 |
1 |
|
|a Электроприводы
|2 stltpush
|3 (RuTPU)RU\TPU\subj\20689
|9 45775
|
| 610 |
1 |
|
|a электрическое моделирование
|
| 610 |
1 |
|
|a динамические системы
|
| 610 |
1 |
|
|a метод структурного моделирования
|
| 610 |
1 |
|
|a подобие
|
| 610 |
1 |
|
|a теория
|
| 675 |
|
|
|a 62-83
|v 4
|
| 700 |
|
1 |
|a Тетельбаум
|b И. М.
|g Илья Маркович
|
| 701 |
|
1 |
|a Шлыков
|b Ф. М.
|g Федор Михайлович
|
| 801 |
|
1 |
|a RU
|b 63413507
|c 20150914
|
| 801 |
|
2 |
|a RU
|b 63413507
|c 20230130
|g RCR
|
| 942 |
|
|
|c BK
|